Textos recobrados: 1919-1929
Uloženo v:
| Hlavní autor: | |
|---|---|
| Médium: | Kniha |
| Jazyk: | španělština |
| Vydáno: |
Buenos Aires
Emecé
1997
|
| Témata: | |
| Tagy: |
Přidat tag
Žádné tagy, Buďte první, kdo vytvoří štítek k tomuto záznamu!
|
MARC
| LEADER | 00000nam a2200000 a 4500 | ||
|---|---|---|---|
| 001 | UCM5445 | ||
| 003 | CL-VaPUC | ||
| 008 | 021011e19970000AG |||||||||||||||||spa|d | ||
| 082 | 0 | 4 | |a Ar860 |b BOR |2 21 |
| 100 | |a Borges, Jorge Luis |e autor |9 322093 | ||
| 245 | 1 | 0 | |a Textos recobrados: 1919-1929 |
| 300 | |a 462 p | ||
| 942 | |c BK | ||
| 945 | |d 20021011 00:00:00 |a cmena | ||
| 260 | |a Buenos Aires |b Emecé |c 1997 | ||
| 650 | 0 | |a Poesía argentina |9 265575 | |
| 650 | 0 | |a Ensayos argentinos |9 269128 | |
| 650 | 7 | |a PROSA ARGENTINA |2 CL-VaPUC |9 320595 | |
| 583 | |a last modification |c 20021011 00:00:00 |k Rodrigo Vera | ||
| 999 | |c 301509 |d 301507 | ||
| 952 | |0 0 |1 0 |4 0 |6 AR_860_000000000000000_BOR_1997 |7 0 |8 A |9 360560 |a FDOPOS |b BIBEDU |d 2019-11-21 |i 3832384 |l 4 |o Ar860 BOR 1997 |p 3832384 |q 2025-05-16 |r 2025-05-09 |s 2025-05-09 |w 2019-11-21 |y BK |k MLH | ||